000
00336 a2200145 4500
999
_c
12710
_d
12710
003
OSt
005
20240705200814.0
008
240705b ||||| |||| 00| 0 eng d
020
_a
9780241389799
082
_a
720.29
245
_a
Thomas Heatherwick Humanise /anglais
260
_b
Penguin UK
_c
2023
300
_a
495p;
942
_2
ddc